Bagnards, colons et canaques
Gespeichert in:
| 1. Verfasser: | |
|---|---|
| Format: | Buch |
| Sprache: | Französisch |
| Veröffentlicht: |
París
Nouvelle Revue critique
1932
|
| Ausgabe: | 1a. ed |
| Schriftenreihe: | <La >vie d'aujourd'hui, 25
|
| Schlagworte: | |
| Tags: |
Tag hinzufügen
Keine Tags, Fügen Sie den ersten Tag hinzu!
|
MARC
| LEADER | 00000nam a2200000 a 4500 | ||
|---|---|---|---|
| 001 | UCJ3749 | ||
| 003 | CL-VaPUC | ||
| 008 | 070124e19320000FR |||||||||||||||||fre|d | ||
| 082 | 0 | 4 | |a 910.4 |b FER |2 21 |
| 100 | 0 | |a Ferré, Georges |e author |9 506072 | |
| 245 | 1 | 0 | |a Bagnards, colons et canaques |
| 250 | |a 1a. ed | ||
| 300 | |a 253 p | ||
| 942 | |c BK | ||
| 945 | |d 20070124 00:00:00 |a rinostro | ||
| 260 | |a París |b Nouvelle Revue critique |c 1932 | ||
| 650 | 0 | |a Viajes |9 257115 | |
| 650 | 0 | |a Cultura |9 269059 | |
| 650 | 7 | |a COLONIALISMO FRANCES |2 CL-VaPUC |9 506073 | |
| 651 | 7 | |a NUEVA CALEDONIA |2 CL-VaPUC |9 505878 | |
| 651 | 7 | |a ISLAS NUEVAS HEBRIDAS |2 CL-VaPUC |9 506074 | |
| 583 | |a last modification |c 20070124 00:00:00 |k Rodrigo Vera | ||
| 490 | 0 | |a <La >vie d'aujourd'hui, 25 | |
| 999 | |c 319871 |d 319869 | ||
| 952 | |0 0 |1 0 |4 0 |6 910_400000000000000_FER_1932 |7 0 |8 X |9 398270 |a FDOBUD |b FDOBUD |d 2019-11-22 |i 1007807 |o 910.4 FER 1932 |p 1007807 |r 2019-11-22 |w 2019-11-22 |y BK_X |k BUD | ||